000 00289nam a2200085Ia 4500
008 220120s9999||||xx |||||||||||||| ||und||
100 _aAizaz Ahemmed, and Sameer Sourabh
_912176
245 0 _aSmart card based electronic voting mechine
260 _aCoorg Institute of Technology
_bPonnampet
_c2009
999 _c137762
_d137762